000 01593nam a2200469 i 4500
001 1957
003 KOSZ 005
005 20201014110433.0
008 990506s1984 pl a f |001 0 pol
015 _aUWD 1984/2224
020 _a8320405149
035 _a991009771109705066
035 _a(PL-WaBN)b12639254-48omnis_nlop
035 _ab12639254
035 _a(OCoLC)749941476
035 _a(PL)b0000001263925
035 _a(EXLNZ-48OMNIS_NETWORK)9910364400205606
040 _aWA N
_cWA N
_dKOSZ 005/HR
041 0 _apol
046 _k1984
080 _a621.313.1-52
100 1 _aPełczewski, Władysław
_d(1917-2006)
_eAutor
245 1 0 _aMetoda zmiennych stanu w analizie dynamiki układów napędowych /
_cWładysław Pełczewski, Mirosław Krynke.
260 _aWarszawa :
_bWydawnictwa Naukowo-Techniczne,
_c1984.
300 _a247, [1] s. :
_brys., wykr. ;
_c24 cm.
336 _aTekst
_btxt
_2rdacontent
337 _aBez urządzenia pośredniczącego
_bn
_2rdamedia
338 _aWolumin
_bnc
_2rdacarrier
380 _aKsiążki
388 _a1901-2000
388 _a1945-1989
504 _aBibliogr. s. 241-243.- Indeks.
650 7 _aNapęd elektryczny
_2DBN
650 7 _aDynamika
650 7 _aSterowanie
_2DBN
658 _aInżynieria i technika
700 1 _aKrynke, Mirosław
_d(1929-2006)
_eAutor
710 2 _aWydawnictwa Naukowo-Techniczne
_4pbl
856 _uhttp://koha.tu.koszalin.pl/cgi-bin/koha/opac-detail.pl?biblionumber=1957
_yKatalog online BPK
942 _2UKD
_cKS
999 _c1957
_d1957